000 00521nam a2200157 4500
008 151123b xxu||||| |||| 00| 0 eng d
050 _aTK 3301.B37 2000
100 _aConsumer Electronics Association.
_d2000
245 _aBasic Installer study guide/
_cConsumer Electronics Association.
260 _aVirginia;
_bMECP,
_c2000.
300 _a226 p. :ill.
650 _aMobile communication system.
650 _aElectric wiring.
650 _aElectric cables.
942 _2lcc
_cBOOKS
_hTK 3301.B37 2000
999 _c10013
_d10013